Historia del tiempo : del big bang a los agujeros negros /
Guardado en:
| Autor Principal: | |
|---|---|
| Formato: | Libro |
| Publicado: |
Barcelona :
Planeta-agostini,
1992
|
| Materias: | |
| Etiquetas: |
Agregar Etiqueta
Sin Etiquetas, Sea el primero en etiquetar este registro!
|
| LEADER | 00647nam a22002055a 4500 | ||
|---|---|---|---|
| 001 | EHU.bham020621 | ||
| 003 | AR-BHAM | ||
| 005 | 20101210164332.0 | ||
| 008 | 130507s1992##################000#0#####d | ||
| 082 | 5 | 2 | |a 523.101 |
| 100 | 1 | |a Hawking, Stephen W. | |
| 245 | 1 | 0 | |a Historia del tiempo : |b del big bang a los agujeros negros / |c Stephen W. Hawking |
| 260 | |a Barcelona : |b Planeta-agostini, |c 1992 | ||
| 300 | |a 250 p. | ||
| 500 | |a Introd. Carl Sagan; Trad. Miguel Ortuño.- | ||
| 653 | |a Tiempo-historia del | ||
| 653 | |a Big bang | ||
| 653 | |a Agujeros negros | ||
| 653 | |a Universo | ||
| 859 | |a AR-BHAM |b BIB. HUMANIDADES - General |h 523.101 |i H313-1 |p 443.96 |t Ej.1 | ||
